| 000 | 02103nam0a2200349 4500 | ||
|---|---|---|---|
| 001 | RU\NLR\BIBL_A\022123932 | ||
| 005 | 20241001131339.0 | ||
| 010 |
_a978-5-7513-3536-6 _950 |
||
| 021 |
_aRU _bКН-П-23-078388 _9КН-П-23-7920 |
||
| 035 | _a(NLR Aleph) 022123932 | ||
| 035 | _a(RuMoRGB)012436347 | ||
| 090 |
_a12815501 _c12815501 |
||
| 100 | _a20240202d2023 u y0rusy50 ca | ||
| 101 | 0 | _arus | |
| 102 | _aRU | ||
| 105 | _aa j 001yy | ||
| 181 | 0 |
_ai3 _baxxe |
|
| 182 | 0 | _an | |
| 200 | 1 |
_aОпределитель высших растений окрестностей н. п. Еланка Хангаласского улуса (Центральная Якутия) _eучебное пособие _eдля студентов, бакалавров и магистрантов, обучающихся по направлениям "Экология и природопользование" и "Техносферная безопасность" _fА. А. Никифорова _gМинистерство науки и высшего образования Российской Федерации, Северо-Восточный федеральный университет имени М. К. Аммосова, Институт естественных наук |
|
| 203 |
_aТекст _bвизуальный _cнепосредственный |
||
| 210 |
_aЯкутск _cИздательский дом СВФУ _d2023 |
||
| 215 |
_a297 с. _cил., цв. ил., табл. _d21 |
||
| 320 | _aБиблиогр.: с. 295-297 (33 назв.) | ||
| 320 | _aАлф. указ.: с. 288-294 | ||
| 606 | 1 |
_aВысшие растения _jОпределители _yЕланка, село (Якутия) _92583265 _3RU\NLR\AUTH\6601737434 |
|
| 675 |
_a582.35/.9(083.71)(571.56)(075.8) _v4 |
||
| 686 | 1 | _aЕ592(2Р54-6Я)я28 | |
| 700 | 1 |
_7ca _8rus _aНикифорова _bА. А. _cбиолог _gАлина Афанасьевна _92642978 _3RU\NLR\AUTH\770272446 |
|
| 942 | _cBOOK | ||
| 980 | _aNB | ||